[Event "Krakow Malopolski-chA"]
[Site "Krakow"]
[Date "2013.05.05"]
[Round "9"]
[White "Knapik, Andrzej"]
[Black "Lis, Mateusz"]
[Result "1-0"]
[WhiteElo "1930"]
[BlackElo "1687"]
[PlyCount "91"]
[EventDate "2013.04.28"]
[EventType "swiss"]
[EventRounds "9"]
[EventCountry "POL"]
[SourceTitle "EXT 2014"]
[Source "ChessBase"]
[SourceDate "2013.11.20"]
[SourceVersion "1"]
[SourceVersionDate "2013.11.20"]
[SourceQuality "1"]

1. e4 c6 2. d4 d5 3. Nc3 dxe4 4. Nxe4 Bf5 5. Ng3 Bg6 6. h4 h6 7. h5 Bh7 8. Nf3 Nd7 9. Bd3 Bxd3 10. Qxd3 e6 11. Bd2 Qc7 12. 0-0-0 0-0-0 13. c4 Ngf6 14. Kb1 c5 15. Bc3 Be7 16. Qe2 Kb8 17. Ne5 Nxe5 18. dxe5 Nd7 19. f4 Nb6 20. Ne4 Na4 21. Bd2 f5 22. Nc3 Nxc3+ 23. Bxc3 Qc6 24. b3 Kc7 25. Kb2 Rxd1 26. Rxd1 Rd8 27. Rxd8 Bxd8 28. g4 fxg4 29. Qxg4 Qd7 30. Qg6 Qe7 31. Kc2 b6 32. a3 a5 33. a4 Kb8 34. f5 exf5 35. Qxf5 Qg5 36. Qxg5 Bxg5 37. Kd3 Kc7 38. Ke4 Kd7 39. Kf5 Ke7 40. Be1 Be3 41. Bh4+ Kf7 42. Bd8 Bd2 43. Bxb6 Bb4 44. Bc7 Bc3 45. e6+ Ke7 46. Be5 1-0

[Event "Krakow Malopolski-chA"]
[Site "Krakow"]
[Date "2013.05.03"]
[Round "6"]
[White "Knapik, Andrzej"]
[Black "Klementys, Jerzy"]
[Result "0-1"]
[WhiteElo "1930"]
[BlackElo "1800"]
[PlyCount "72"]
[EventDate "2013.04.28"]
[EventType "swiss"]
[EventRounds "9"]
[EventCountry "POL"]
[SourceTitle "CBM 154 Extra"]
[Source "ChessBase"]
[SourceDate "2013.06.25"]
[SourceVersion "2"]
[SourceVersionDate "2013.06.25"]
[SourceQuality "1"]

1. e4 c5 2. Nf3 d6 3. d4 cxd4 4. Nxd4 Nf6 5. Nc3 a6 6. Bg5 e6 7. f4 Be7 8. Qf3 Nbd7 9. 0-0-0 Qc7 10. Bd3 b5 11. Rhe1 Bb7 12. Qg3 b4 13. Nb1 Rc8 14. e5 dxe5 15. fxe5 Nh5 16. Qh4 Bxg5+ 17. Qxg5 g6 18. g4 Ng7 19. Qh6 0-0 20. Re3 Rfd8 21. Qf4 Nc5 22. c3 Qa5 23. Nb3 Qxa2 24. Nxc5 Rxc5 25. Qxb4 Rc7 26. c4 Rxd3 27. Rexd3 Rxc4+ 28. Qc3 h5 29. Rd8+ Kh7 30. Rb8 Be4 31. Rdd8 g5 32. gxh5 Nxh5 33. Qxc4 Qxc4+ 34. Nc3 Qf1+ 35. Kd2 Qf2+ 36. Ne2 Nf4 0-1

[Event "Krakow Malopolski-chA"]
[Site "Krakow"]
[Date "2013.04.30"]
[Round "3"]
[White "Gbyl, Andrzej"]
[Black "Knapik, Andrzej"]
[Result "1-0"]
[WhiteElo "2225"]
[BlackElo "1930"]
[PlyCount "67"]
[EventDate "2013.04.28"]
[EventType "swiss"]
[EventRounds "9"]
[EventCountry "POL"]
[SourceTitle "CBM 154 Extra"]
[Source "ChessBase"]
[SourceDate "2013.06.25"]
[SourceVersion "2"]
[SourceVersionDate "2013.06.25"]
[SourceQuality "1"]

1. d4 Nf6 2. c4 e6 3. Nf3 b6 4. g3 Ba6 5. Qa4 Be7 6. Bg2 Bb7 7. 0-0 0-0 8. Nc3 d5 9. Ne5 c6 10. cxd5 exd5 11. Bf4 Nh5 12. Bd2 f6 13. Nd3 f5 14. b4 a6 15. Qb3 Nd7 16. a4 Bf6 17. e3 b5 18. axb5 axb5 19. Nxd5 Rxa1 20. Nxf6+ Kh8 21. Nxh5 Rxf1+ 22. Kxf1 Qe8 23. Nhf4 Nf6 24. Ne5 Ng4 25. Ne6 Nxe5 26. dxe5 Rf7 27. Nc5 Bc8 28. Bc3 Re7 29. h4 h6 30. Bd4 Kh7 31. Bf3 g6 32. Qc2 Be6 33. Nxe6 Rxe6 34. h5 1-0

[Event "Krakow Malopolski-chA"]
[Site "Krakow"]
[Date "2013.04.28"]
[Round "1"]
[White "Knapik, Andrzej"]
[Black "Jakubiec, Edyta"]
[Result "0-1"]
[WhiteElo "1930"]
[BlackElo "2237"]
[PlyCount "76"]
[EventDate "2013.04.28"]
[EventType "swiss"]
[EventRounds "9"]
[EventCountry "POL"]
[SourceTitle "CBM 154 Extra"]
[Source "ChessBase"]
[SourceDate "2013.06.25"]
[SourceVersion "2"]
[SourceVersionDate "2013.06.25"]
[SourceQuality "1"]

1. e4 c5 2. Nf3 d6 3. d4 cxd4 4. Nxd4 Nf6 5. Nc3 a6 6. Bg5 e6 7. f4 h6 8. Bxf6 Qxf6 9. Qd2 g5 10. f5 Nc6 11. Nb3 Bd7 12. Bd3 Qe5 13. 0-0 g4 14. Qf2 h5 15. Ne2 Bh6 16. Nf4 Bxf4 17. Qxf4 Qxf4 18. Rxf4 Rc8 19. c3 Ne5 20. Rd1 Ba4 21. Be2 Ke7 22. Rdf1 Bxb3 23. axb3 Rh6 24. g3 Rg8 25. Kg2 h4 26. Rh1 Rg5 27. fxe6 fxe6 28. b4 Rg8 29. b5 axb5 30. Ra1 hxg3 31. hxg3 Rgh8 32. Ra7 Kd7 33. Rxb7+ Kc6 34. Ra7 Rh2+ 35. Kf1 Rh1+ 36. Kf2 R8h2+ 37. Ke3 Re1 38. Ra6+ Kc7 0-1

[Event "Warsaw Najdorf Memorial op-B"]
[Site "Warsaw"]
[Date "2011.07.20"]
[Round "8"]
[White "Knapik, Andrzej"]
[Black "Golebiewski, Marek"]
[Result "1/2-1/2"]
[WhiteElo "1926"]
[BlackElo "1665"]
[PlyCount "94"]
[EventDate "2011.07.14"]
[EventType "swiss"]
[EventRounds "9"]
[EventCountry "POL"]
[SourceTitle "EXT 2012"]
[Source "ChessBase"]
[SourceDate "2011.11.24"]
[SourceVersion "1"]
[SourceVersionDate "2011.11.24"]
[SourceQuality "1"]

1. e4 c5 2. Nf3 d6 3. d4 cxd4 4. Nxd4 Nc6 5. c4 Nf6 6. Nc3 e6 7. Be3 Be7 8. Be2 a6 9. 0-0 0-0 10. Rc1 Qc7 11. Kh1 Rd8 12. Bf3 Bd7 13. Nd5 exd5 14. cxd5 Rab8 15. dxc6 bxc6 16. Qc2 c5 17. Nf5 Bxf5 18. exf5 Qa5 19. b3 Rbc8 20. Bd2 Qb6 21. Rfe1 Re8 22. g4 h6 23. Qc4 d5 24. Qd3 c4 25. bxc4 dxc4 26. Rxc4 Rxc4 27. Qxc4 Qxf2 28. Qe2 Qh4 29. Qg2 Nh7 30. Qe2 Nf6 31. Qg2 Rb8 32. Qg3 Qxg3 33. hxg3 Bd6 34. Bf4 Bxf4 35. gxf4 Re8 36. Rxe8+ Nxe8 37. Kg2 Kf8 38. Kf2 Ke7 39. Be2 a5 40. Ke3 Kd6 41. Bc4 f6 42. Kd4 Nc7 43. Bf7 Kc6 44. Kc4 Kd6 45. Kd4 Nb5+ 46. Kc4 Nc7 47. Kd4 Nb5+ 1/2-1/2

[Event "Warsaw Najdorf Memorial op-B"]
[Site "Warsaw"]
[Date "2011.07.16"]
[Round "3"]
[White "Woloszyn, Piotr"]
[Black "Knapik, Andrzej"]
[Result "0-1"]
[WhiteElo "1693"]
[BlackElo "1926"]
[PlyCount "100"]
[EventDate "2011.07.14"]
[EventType "swiss"]
[EventRounds "9"]
[EventCountry "POL"]
[SourceTitle "EXT 2012"]
[Source "ChessBase"]
[SourceDate "2011.11.24"]
[SourceVersion "1"]
[SourceVersionDate "2011.11.24"]
[SourceQuality "1"]

1. Nf3 Nf6 2. c4 e6 3. d4 b6 4. g3 Bb7 5. Bg2 Be7 6. Nc3 Ne4 7. Nxe4 Bxe4 8. Bd2 f5 9. h4 Bf6 10. 0-0 Nc6 11. Bc3 0-0 12. e3 Ne7 13. Bb4 d6 14. Ng5 Bxg5 15. hxg5 Bxg2 16. Kxg2 Nc6 17. Bc3 Qxg5 18. f4 Qg6 19. Rh1 Nd8 20. Rh4 Nf7 21. Qf3 Nh6 22. Rah1 Ng4 23. e4 Rae8 24. d5 Nf6 25. e5 Ng4 26. exd6 cxd6 27. Rxh7 Qxh7 28. Rxh7 Kxh7 29. dxe6 Re7 30. Bd4 Nh6 31. Qd5 Rd8 32. b4 Rde8 33. Qxd6 Rxe6 34. Qd5 Re2+ 35. Kf3 R8e4 36. Qd7 Re7 37. Qd5 Rd2 38. c5 Re4 39. Qxe4 fxe4+ 40. Kxe4 Nf5 41. Be5 bxc5 42. bxc5 Ne7 43. Bd6 Nc8 44. Ke5 Rxa2 45. g4 a5 46. f5 a4 47. g5 Kg8 48. Ke6 Nxd6 49. cxd6 Re2+ 50. Kd5 a3 0-1

[Event "POL-ch U16"]
[Site "Murzasichle"]
[Date "2011.03.11"]
[Round "8"]
[White "Knapik, Andrzej"]
[Black "Borawski, Jakub"]
[Result "0-1"]
[WhiteElo "1954"]
[BlackElo "1867"]
[PlyCount "104"]
[EventDate "2011.03.05"]
[EventType "swiss"]
[EventRounds "9"]
[EventCountry "POL"]
[SourceTitle "EXT 2012"]
[Source "ChessBase"]
[SourceDate "2011.11.24"]
[SourceVersion "1"]
[SourceVersionDate "2011.11.24"]
[SourceQuality "1"]

1. e4 e5 2. Nf3 Nc6 3. Bb5 a6 4. Ba4 Nf6 5. 0-0 d6 6. Re1 Be7 7. c3 b5 8. Bb3 0-0 9. h3 Nb8 10. d4 Nbd7 11. Nbd2 Re8 12. Nf1 Bf8 13. Ng3 g6 14. Ng5 Re7 15. dxe5 dxe5 16. Be3 Bb7 17. Bc2 c5 18. h4 c4 19. h5 Qc7 20. Qf3 Ne8 21. b4 cxb3 22. Bxb3 Nd6 23. hxg6 hxg6 24. Qg4 Nf6 25. Qh4 Bg7 26. Rac1 Nc4 27. Nf3 Nxe3 28. Rxe3 a5 29. c4 a4 30. Bd1 bxc4 31. Be2 Ba6 32. Rec3 Rc8 33. Nd2 Qb7 34. Rb1 Qd7 35. Nxc4 Qd4 36. Rd3 Qxc4 37. Rd8+ Rxd8 38. Bxc4 Bxc4 39. Rb4 Bxa2 40. Rxa4 Bb3 41. Ra6 Be6 42. Ra5 Red7 43. f3 Nh7 44. Ne2 Bf6 45. Qg3 Rd1+ 46. Kh2 Ng5 47. f4 Kg7 48. Qe3 R1d3 49. Qc1 Nxe4 50. fxe5 Rh8+ 51. Kg1 Bg5 52. Qc2 Be3+ 0-1

[Event "POL-ch U16"]
[Site "Murzasichle"]
[Date "2011.03.08"]
[Round "5"]
[White "Nowicki, Bartosz"]
[Black "Knapik, Andrzej"]
[Result "1-0"]
[WhiteElo "2128"]
[BlackElo "1858"]
[PlyCount "69"]
[EventDate "2011.03.05"]
[EventType "swiss"]
[EventRounds "9"]
[EventCountry "POL"]
[SourceTitle "EXT 2012"]
[Source "ChessBase"]
[SourceDate "2011.11.24"]
[SourceVersion "1"]
[SourceVersionDate "2011.11.24"]
[SourceQuality "1"]

1. e4 c5 2. Nf3 d6 3. d4 cxd4 4. Nxd4 Nf6 5. Nc3 a6 6. Bg5 e6 7. f4 Qc7 8. Qf3 Nc6 9. 0-0-0 Bd7 10. Bxf6 gxf6 11. f5 Ne5 12. Qh3 0-0-0 13. Be2 Kb8 14. Rhf1 Be7 15. Kb1 Rdg8 16. Rf4 Qc8 17. Bh5 Rg5 18. Nce2 Rhg8 19. Bxf7 Nxf7 20. fxe6 Bxe6 21. Nxe6 Rxg2 22. N2d4 Nd8 23. Qb3 Nxe6 24. Nxe6 Rxh2 25. Rf3 Rgg2 26. Rc3 Qd7 27. a4 Bd8 28. Nc5 Qc6 29. Rxd6 Rg1+ 30. Ka2 Rhh1 31. Rxd8+ Ka7 32. Qb4 Ra1+ 33. Kb3 b6 34. Rd7+ Ka8 35. Qc4 1-0

[Event "POL-ch U16"]
[Site "Murzasichle"]
[Date "2011.03.07"]
[Round "3"]
[White "Knapik, Andrzej"]
[Black "Lewicki, Miroslaw"]
[Result "0-1"]
[WhiteElo "1858"]
[BlackElo "2138"]
[PlyCount "84"]
[EventDate "2011.03.05"]
[EventType "swiss"]
[EventRounds "9"]
[EventCountry "POL"]
[SourceTitle "EXT 2012"]
[Source "ChessBase"]
[SourceDate "2011.11.24"]
[SourceVersion "1"]
[SourceVersionDate "2011.11.24"]
[SourceQuality "1"]

1. e4 c5 2. Nf3 d6 3. d4 cxd4 4. Nxd4 Nf6 5. Nc3 a6 6. Bg5 e6 7. f4 Qb6 8. Qd2 Nc6 9. 0-0-0 Qxd4 10. Qxd4 Nxd4 11. Rxd4 h6 12. Bh4 Be7 13. Be2 Rg8 14. e5 dxe5 15. fxe5 Nd7 16. Bg3 Bc5 17. Rd3 b6 18. Bf3 Ra7 19. Rhd1 Rc7 20. Ne4 Ke7 21. Nd6 b5 22. Bh5 g6 23. Bh4+ g5 24. Bg3 Rf8 25. Nxc8+ Rfxc8 26. Bxf7 Nb6 27. Bh5 Nd5 28. Kb1 Be3 29. Bf3 Rxc2 30. a3 Bc1 31. Rb3 Ne3 32. Re1 Nf5 33. Be4 R2c5 34. Bb7 R8c7 35. Bxa6 Nd4 36. Rd3 Rc2 37. Ka1 Bxb2+ 38. Kb1 Bc3 39. Re4 Rb2+ 40. Kc1 Ra2 41. Rxc3 Rxc3+ 42. Kb1 Rd2 0-1

[Event "Rowy Seniors op 7th"]
[Site "Rowy"]
[Date "2003.09.01"]
[Round "2"]
[White "Knapik, Andrzej"]
[Black "Szczepaniec, Stanislaw"]
[Result "1-0"]
[WhiteElo "1939"]
[BlackElo "2085"]
[PlyCount "69"]
[EventDate "2003.08.??"]
[EventType "swiss"]
[EventRounds "9"]
[EventCountry "POL"]
[SourceTitle "EXT 2006"]
[Source "ChessBase"]
[SourceDate "2005.11.24"]
[SourceVersion "1"]
[SourceVersionDate "2005.11.24"]
[SourceQuality "1"]

1. d4 Nf6 2. c4 g6 3. Nc3 Bg7 4. e4 0-0 5. h3 d6 6. Be3 Na6 7. Nf3 c5 8. d5 Bd7 9. Qd2 Re8 10. Bd3 Rb8 11. a3 Nc7 12. b4 b5 13. bxc5 bxc4 14. Bxc4 Nxe4 15. Nxe4 Bxa1 16. 0-0 Be5 17. Nxe5 dxe5 18. c6 Bf5 19. Nc3 Qd6 20. g4 Bc8 21. Bxa7 Ra8 22. Bb6 Ba6 23. Bxc7 Qxc7 24. Bxa6 Rxa6 25. Nb5 Qb6 26. Qb4 f5 27. gxf5 gxf5 28. Rc1 Kf7 29. Qc4 Kf6 30. Qh4+ Kg6 31. Kh2 Rh8 32. Rg1+ Kf7 33. Qh5+ Kf8 34. Qxf5+ Ke8 35. Rg7 1-0

[Event "Rowy Seniors op 7th"]
[Site "Rowy"]
[Date "2003.08.31"]
[Round "1"]
[White "Przybylak, Gabriela"]
[Black "Knapik, Andrzej"]
[Result "0-1"]
[WhiteElo "1600"]
[BlackElo "1939"]
[PlyCount "108"]
[EventDate "2003.08.??"]
[EventType "swiss"]
[EventRounds "9"]
[EventCountry "POL"]
[SourceTitle "EXT 2006"]
[Source "ChessBase"]
[SourceDate "2005.11.24"]
[SourceVersion "1"]
[SourceVersionDate "2005.11.24"]
[SourceQuality "1"]

1. e4 a6 2. Nf3 b5 3. d3 Bb7 4. Be2 c5 5. a3 Qc7 6. c3 Nf6 7. Nbd2 e6 8. g3 Nc6 9. 0-0 Be7 10. Re1 0-0 11. b3 d5 12. exd5 Nxd5 13. Bb2 Bf6 14. Qc1 g6 15. Ne4 Be7 16. Bf1 Nf6 17. Nxf6+ Bxf6 18. Bg2 Na5 19. Nd2 Bxg2 20. Kxg2 Qc6+ 21. Kg1 Qd5 22. Qc2 Rfd8 23. Re3 Bg7 24. Rae1 Bh6 25. f4 Bg7 26. R1e2 Ra7 27. c4 bxc4 28. dxc4 Qb7 29. Bxg7 Nxb3 30. Rxb3 Qc6 31. Bf6 Rc8 32. Qc3 Qe8 33. Bg7 Qe7 34. Ne4 f5 35. Ng5 Qxg7 36. Qxg7+ Rxg7 37. Rxe6 Rd7 38. Rxa6 Rd2 39. Rf3 Rc2 40. Ra4 Rd8 41. Rf2 Rc1+ 42. Kg2 Rd4 43. Ra8+ Kg7 44. Ne6+ Kf6 45. Nxd4 cxd4 46. Ra6+ Ke7 47. Re2+ Kf7 48. Ra7+ Kf6 49. Rc7 d3 50. Rd2 Rc2 51. Rc6+ Ke7 52. a4 Rxd2+ 53. Kh3 Rxh2+ 54. Kxh2 d2 0-1

[Event "Brandenburg Seniors op 12th"]
[Site "Rowy"]
[Date "2003.06.19"]
[Round "3"]
[White "Knapik, Andrzej"]
[Black "Ollek, Karl Heinz"]
[Result "1-0"]
[WhiteElo "1944"]
[BlackElo "1690"]
[PlyCount "47"]
[EventDate "2003.06.??"]
[EventType "swiss"]
[EventRounds "9"]
[EventCountry "POL"]
[SourceTitle "EXT 2006"]
[Source "ChessBase"]
[SourceDate "2005.11.24"]
[SourceVersion "1"]
[SourceVersionDate "2005.11.24"]
[SourceQuality "1"]

1. d4 d5 2. c4 c6 3. Nc3 Nf6 4. Bf4 e6 5. e3 Be7 6. Nf3 0-0 7. Bd3 dxc4 8. Bxc4 b5 9. Bd3 b4 10. Ne4 Nd5 11. Bxb8 Rxb8 12. Qa4 f5 13. Ned2 f4 14. e4 Nb6 15. Qxc6 Bd7 16. Qc2 Rc8 17. Qd1 Na4 18. Rb1 Rf6 19. Ne5 Be8 20. Ndf3 Bh5 21. Qxa4 g5 22. h3 a5 23. Nc6 Rh6 24. Nxd8 1-0

[Event "Brandenburg Seniors op 11th"]
[Site "Rowy"]
[Date "2002.06.23"]
[Round "6"]
[White "Knapik, Andrzej"]
[Black "Augustat, Siegfried"]
[Result "1-0"]
[WhiteElo "1850"]
[BlackElo "1747"]
[PlyCount "171"]
[EventDate "2002.06.??"]
[EventType "swiss"]
[EventRounds "7"]
[EventCountry "POL"]
[SourceTitle "EXT 2006"]
[Source "ChessBase"]
[SourceDate "2005.11.24"]
[SourceVersion "1"]
[SourceVersionDate "2005.11.24"]
[SourceQuality "1"]

1. d4 d5 2. c4 c6 3. Bg5 Nf6 4. Bxf6 exf6 5. e3 Be6 6. c5 Be7 7. Nc3 0-0 8. Bd3 f5 9. Nf3 Nd7 10. 0-0 Bf6 11. Qc2 g6 12. b4 a6 13. a4 Qc7 14. Qe2 Rfb8 15. a5 Rf8 16. Na4 Rae8 17. Nb6 Qd8 18. g3 Kg7 19. Kg2 Rh8 20. Qc2 h5 21. h4 Qe7 22. Rh1 Reg8 23. Rh2 Qd8 24. Rhh1 Qe7 25. Rab1 Rb8 26. Qa4 Qd8 27. Qc2 Qe7 28. Qb2 Kh6 29. Qd2 Kg7 30. Qc3 Kh6 31. Nd2 Bg7 32. Qc1 Kh7 33. Qf1 Nf6 34. Qe2 Kg8 35. Nf3 Ng4 36. Qd2 Bf6 37. Na4 Rd8 38. Nc3 Qc7 39. Ne2 Qe7 40. Nf4 Kg7 41. Nh3 Rdg8 42. Nhg5 Kf8 43. Qe2 Bg7 44. Bxa6 bxa6 45. Qxa6 Bd7 46. Qa8+ Qe8 47. Qxe8+ Kxe8 48. a6 Ke7 49. a7 f6 50. Nh3 Ra8 51. Ra1 Rhc8 52. Ra4 Rc7 53. Rha1 Rb7 54. Nf4 Kf7 55. Nd3 Bh6 56. Nd2 Bf8 57. Nf1 Be7 58. f3 Nh6 59. Kf2 Bd8 60. Nd2 Bc7 61. Nb3 Rb5 62. Nbc1 Ke7 63. Ne2 g5 64. hxg5 fxg5 65. Ne5 Be8 66. Nc3 Rb7 67. Ra6 Bxe5 68. dxe5 Kd7 69. b5 Kc7 70. b6+ Kd7 71. R6a4 Ke6 72. f4 g4 73. Rh1 Ng8 74. Ne2 Bf7 75. Nd4+ Ke7 76. Nxf5+ Ke6 77. Nd6 Re7 78. b7 Rxb7 79. Nxb7 Ne7 80. Nd6 Bg6 81. Ke2 Ng8 82. Ra6 Kd7 83. Rha1 Ne7 84. Rb6 Nc8 85. Rb7+ Kd8 86. Rb8 1-0

[Event "Brandenburg-ch Seniors 09th"]
[Site "Rowy"]
[Date "2001.05.19"]
[Round "2"]
[White "Grigoleit, Eckhard"]
[Black "Knapik, Andrzej"]
[Result "1-0"]
[WhiteElo "1684"]
[BlackElo "2039"]
[PlyCount "103"]
[EventDate "2001.06.??"]
[EventType "swiss"]
[EventRounds "7"]
[EventCountry "POL"]
[SourceTitle "EXT 2006"]
[Source "ChessBase"]
[SourceDate "2005.11.24"]
[SourceVersion "1"]
[SourceVersionDate "2005.11.24"]
[SourceQuality "1"]

1. e4 g6 2. Nf3 Bg7 3. Bc4 c6 4. Nc3 e6 5. d4 d5 6. exd5 cxd5 7. Bb3 a6 8. 0-0 Nc6 9. Re1 Nge7 10. Bg5 0-0 11. Qd2 b5 12. Re2 Qb6 13. Rd1 Nf5 14. Be3 Ra7 15. g4 Nxe3 16. Qxe3 Na5 17. Nb1 Rc7 18. h3 Bb7 19. Nbd2 Rfc8 20. c3 b4 21. Nb1 bxc3 22. Nxc3 Nxb3 23. Na4 Qb5 24. axb3 Bf8 25. Nd2 Bb4 26. Nf3 a5 27. Ne5 Ba6 28. Nd3 Bd6 29. Nc3 Qxb3 30. Ra1 Rxc3 31. bxc3 Rxc3 32. Rb2 Qc4 33. Qg5 Qc7 34. Ne5 Rxh3 35. Qf6 Bxe5 36. Qxe5 Qxe5 37. dxe5 Rc3 38. Rxa5 Rc1+ 39. Kh2 Bd3 40. g5 Kg7 41. Ra8 Be4 42. Rbb8 Rh1+ 43. Kg3 Rg1+ 44. Kf4 Rxg5 45. Kxg5 h6+ 46. Kg4 Bf5+ 47. Kg3 g5 48. Rg8+ Kh7 49. Rh8+ Kg6 50. f4 gxf4+ 51. Kxf4 Kh5 52. Ra2 1-0